000 01406cad a22002175a 4500
001 L154668
008 120111e20110616xxk f 000 0 eng d
035 _a(Sirsi) u154668
041 0 _aeng
245 0 0 _aNYK Logistics (UK) Ltd v Ibrend Estates BV
_h[electronic resource]
260 _c2011
520 _a[2011] EWCA Civ 683, 16 June 2011. Appellant tenant N appealed against a decision that it had not terminated a lease in April 2009 by exercising a right under a break clause and so was liable to pay rent to the respondent landlord I until the lease was validly terminated."Held": appeal dismissed. The break clause in N's lease requiring vacant possession of premises at the purported termination date was not correctly exercised, N having remained on the premises carrying out dilapidation repairs after the specified date. The requirement for vacant possession was not satisfied by the fact that N had no intention of excluding the landlord from access to and occupation of the premises during that time.
590 _aKA
650 2 4 _aNYK LOGISTICS (UK) LTD v IBREND ESTATES BV
650 2 4 _aLAW OF PROPERTY ACT 1925 S53(1)(A)
651 4 _aEngland and Wales
_y1543-
690 _aCommercial property
_96227
690 _aLandlord and tenant
_96252
856 4 0 _uhttps://www.bailii.org/ew/cases/EWCA/Civ/2011/683.html
_zView the law report free of charge at www.bailii.org
942 _n0
999 _c113094
_d113094